<?xml version="1.0" encoding="UTF-8"?>
<record
    xmlns:xsi="http://www.w3.org/2001/XMLSchema-instance"
    xsi:schemaLocation="http://www.loc.gov/MARC21/slim http://www.loc.gov/standards/marcxml/schema/MARC21slim.xsd"
    xmlns="http://www.loc.gov/MARC21/slim">

  <leader>00532nam a2200181 a 4500</leader>
  <controlfield tag="005">20140310183225.0</controlfield>
  <controlfield tag="008">040424s19uu    xx            00    eng d</controlfield>
  <datafield tag="020" ind1=" " ind2=" ">
    <subfield code="a">9719201843</subfield>
  </datafield>
  <datafield tag="050" ind1=" " ind2=" ">
    <subfield code="a">DS 676</subfield>
    <subfield code="b">.Ag37 1998</subfield>
  </datafield>
  <datafield tag="100" ind1=" " ind2=" ">
    <subfield code="a">Aguinaldo, Emilio</subfield>
  </datafield>
  <datafield tag="245" ind1=" " ind2=" ">
    <subfield code="a">Mga gunita ng himagsikan /</subfield>
    <subfield code="c">Emilio Aguinaldo</subfield>
  </datafield>
  <datafield tag="260" ind1=" " ind2=" ">
    <subfield code="a">Manila :</subfield>
    <subfield code="b">National Centennial Commission,</subfield>
    <subfield code="c">1998.</subfield>
  </datafield>
  <datafield tag="300" ind1=" " ind2=" ">
    <subfield code="a">340 p. :</subfield>
    <subfield code="b">ill. ;</subfield>
    <subfield code="c">22 cm.</subfield>
  </datafield>
  <datafield tag="650" ind1=" " ind2=" ">
    <subfield code="a">Biography</subfield>
    <subfield code="x">Emilio Aguinaldo</subfield>
    <subfield code="x">Philippines.</subfield>
  </datafield>
  <datafield tag="942" ind1=" " ind2=" ">
    <subfield code="c">BK</subfield>
    <subfield code="2">lcc</subfield>
    <subfield code="k">FLIR</subfield>
  </datafield>
  <datafield tag="999" ind1=" " ind2=" ">
    <subfield code="c">20396</subfield>
    <subfield code="d">20396</subfield>
  </datafield>
  <datafield tag="952" ind1=" " ind2=" ">
    <subfield code="0">0</subfield>
    <subfield code="1">0</subfield>
    <subfield code="2">lcc</subfield>
    <subfield code="4">0</subfield>
    <subfield code="a">CL</subfield>
    <subfield code="b">CL</subfield>
    <subfield code="c">FIL</subfield>
    <subfield code="d">2004-04-24</subfield>
    <subfield code="e">fr/CHED</subfield>
    <subfield code="g">20.99</subfield>
    <subfield code="l">0</subfield>
    <subfield code="o">DS 676 .Ag37 1998</subfield>
    <subfield code="p">C4324</subfield>
    <subfield code="r">2018-05-08 00:00:00</subfield>
    <subfield code="t">1</subfield>
    <subfield code="w">2013-10-10</subfield>
    <subfield code="y">BK</subfield>
  </datafield>
  <datafield tag="952" ind1=" " ind2=" ">
    <subfield code="0">0</subfield>
    <subfield code="1">0</subfield>
    <subfield code="2">lcc</subfield>
    <subfield code="4">0</subfield>
    <subfield code="a">CL</subfield>
    <subfield code="b">CL</subfield>
    <subfield code="c">FIL</subfield>
    <subfield code="d">2013-12-16</subfield>
    <subfield code="l">0</subfield>
    <subfield code="o">DS 676 .Ag37 1998</subfield>
    <subfield code="p">C4323</subfield>
    <subfield code="r">2018-05-08 00:00:00</subfield>
    <subfield code="t">2</subfield>
    <subfield code="w">2013-12-16</subfield>
    <subfield code="y">BK</subfield>
  </datafield>
</record>
